000 01362nam a2200337 c 4500
999 _c345360
_d345360
003 BLK
005 20250121122803.0
008 180410b bul|||||r ||||||| ||bul||
010 _aKNG00161064000
020 _a978-954-655-901-2
040 _aBLK
041 _aBUL
_cBUL
072 7 _2bullib
_aН83
_xЧужда художествена литература Н
080 _aАмериканска литература (на САЩ)
_b821.111(73)
_x-312.9
_z821.111(73)-312.9
100 1 _aРигс, Рансъм
_eпърви автор
_9332447
139 _aРигс, Рансъм
_bР 58
245 1 0 _aАтлас на дните : Кн. 4 за чудатите деца на Мис Перигрин за чудати деца
_bРоман
_cРансъм Ригс; прев. Юлиан Стойнов
_nКн. 4
257 _aUSA
260 _bБард
_c2019
_dСофия
300 _a448 с.
_c22 см
380 _aX
500 _aОриг. загл. A Map of day / Ransom Riggs. - Кн. 4 за чудатите деца на мис Перигрин.
700 _aСтойнов, Юлиан Иванов
_eпрев. от англ.
_9258182
852 _bЦб
856 4 _qpdf
856 4 _qpdf
942 _cKNG
_n0
_s1
_08
944 _aED
_c2020-10-01
_k30530
_lМинев Младен
999 _d345360
999 _d345360